000 00721nam a2200241Ia 4500
003 OSt
005 20220928124003.0
006 a|||||r|||| 00| 0
007 ta
008 220927b |||||||| |||| 00| 0 eng d
024 _a26641
037 _cTextual
040 _aSDCL
_cSDCL
_beng
041 _2eng
_aeng
082 _aX65291, P7
100 _aFlorio Massimo Ed.
_9463014
245 0 _aCost-benefit analysis and incentives in evaluation
_bThe structural funds of the European union
260 _aCheltenham
_bEdward Elgar
_c2007
300 _axv,335p
_ccm.
650 _aCost Benifit Analysis
_9447757
942 _hX65291, P7
_cTEXL
_2CC
999 _c775961
_d775961